000 03675nab a2200325 i 4500
003 BR-BrBNA
005 20240812135819.0
008 240812b2017 bl.qr|pooa||| 00| 0 por |
040 _aBR-BrBNA
_bpor
072 _aF50
100 _aSilva, V.P.R.
100 _aVeras, R.P.
100 _aDantas Neto, J.
100 _aAlmeida, R.S.R.
100 _aSilva, B.B.
100 _aLima, V.L.A.
100 _aSouza, E.P.
245 _aDeterminação das variáveis de crescimento de Operculina macrocarpa L. Urban cultivada de forma orgânica no semiárido brasileiro
500 _aPublicação on-line; 22 ref.; 4 tables; 1 illus.; Summaries (En, Pt)
520 _a RESUMO: A batata de purga (Operculina macrocarpa L. Urban) é amplamente utilizada pela população do semiárido brasileiro devido à sua atividade laxante, purgativa, depurativa, contra moléstias da pele e no tratamento da leucorreia da caprinovinocultura. O objetivo deste estudo foi determinar as principais características da batata-de-purga, tais como o peso das sementes, peso dos tubérculos, tamanho dos tubérculos, diâmetro dos tubérculos, número de sementes e o número de convolvos cultivados em 5 diferentes níveis de irrigação. As condições de cultivo da cultura foram com e sem sombreamento com cobertura plástica. Os tratamentos de irrigação foram com base na evapotranspiração de referência (ETo): T1 = 25%ETo; T2 = 50% ETo; T3 = 75% ETo; T4 = 100% ETo e T5= 125%ETo. A irrigação foi realizada em turno de rega de 3 dias e o volume de água aplicado foi com base o tratamento T4. Os valores diários da ETo foram determinados com base no método de Penman-Monteith. Os resultados indicaram que todos componentes de produção da batata-de-purga foram fortemente influenciadas tanto pelos níveis de água aplicados à cultura, quanto pelas condições de cultivo. Palavras-chave: Convolvulaceae, evapotranspiração, Irrigação, produtividade
520 _a ABSTRACT: Determination of growth variables of Operculina macrocarpa L. Urban grown organically in the Brazilian semiarid. The purge potato (Operculina macrocarpa L. Urban) has its therapeutic value recognized by science and has been used in the treatment of skin diseases and leukorrhea. The objectives of this study were to determine the water use efficiency and yield components of purge potato, such as seed weight, tuber weight, tuber size, tuber diameter, number of seeds and the number of convolvos growing in 5 different levels of irrigation. The growing conditions were with and without shade by plastic cover. The irrigation treatments were based on reference evapotranspiration (ETo): T1 = 25% ETo; T2 = 50% ETo; T3 = 75% ETo; T4 = 100% ETo and T5 = 125% ETo. Irrigation was performed in a 3 days irrigation interval and the water amount was applied based on the T4 treatment. The daily values in ETo were based on the Penman-Monteith approach. Our results indicated that all yield components in purge potato were strongly influenced by both water levels and growing conditions. Keywords: Convolvulaceae, evapotranspiration, irrigation, yield.
650 _aCONVOLVULACEAE
650 _aEVAPOTRANSPIRAÇÃO
650 _aIRRIGAÇÃO
650 _aPRODUTIVIDADE
773 0 _03543
_9317119
_dBotucatu-SP Instituto de Biociências - Departamento de Química e Bioquímica 1998
_o2024-3719
_tRevista Brasileira de Plantas Medicinais (Brazil)
_x1516-0572
_gv. 19(2) p. 292-299; (2017)
_wBR2024002115
856 _uhttps://www.sbpmed.org.br/admin/files/papers/file_v1NRMWuRwf3Y.pdf
942 _cAnalítica
999 _c300850
_d300850